| 000 | 00415nam a2200109Ia 4500 | ||
|---|---|---|---|
| 008 | 171212s9999 xx 000 0 und d | ||
| 020 | _a9781783742431 | ||
| 245 |
_ceditor Graf, Heike _aThe Environment in the Age of the Internet _bActivists, Communication, and the Digital Landscape |
||
| 260 |
_bOpen Book Publishers _c2016 |
||
| 650 | _aEcology & Evolutionary Biology | ||
| 856 | _uhttp://jstor.org/stable/j.ctt1d41dkh | ||
| 999 |
_c351595 _d351595 |
||